<?xml version="1.0" encoding="UTF-8"?>
<record
    xmlns:xsi="http://www.w3.org/2001/XMLSchema-instance"
    xsi:schemaLocation="http://www.loc.gov/MARC21/slim http://www.loc.gov/standards/marcxml/schema/MARC21slim.xsd"
    xmlns="http://www.loc.gov/MARC21/slim">

  <leader>003830000a22001450004500</leader>
  <controlfield tag="001">5636</controlfield>
  <datafield tag="090" ind1=" " ind2=" ">
    <subfield code="a">5636</subfield>
  </datafield>
  <datafield tag="100" ind1=" " ind2=" ">
    <subfield code="a">19971021 1971    |||y0pory5003    ba</subfield>
  </datafield>
  <datafield tag="102" ind1=" " ind2=" ">
    <subfield code="a">US</subfield>
  </datafield>
  <datafield tag="200" ind1=" " ind2=" ">
    <subfield code="a">Numerical Weather Prediction</subfield>
    <subfield code="f">George J. Haltiner</subfield>
  </datafield>
  <datafield tag="210" ind1=" " ind2=" ">
    <subfield code="a">New York</subfield>
    <subfield code="c">John Wiley &amp; Sons</subfield>
    <subfield code="d">1971</subfield>
  </datafield>
  <datafield tag="215" ind1=" " ind2=" ">
    <subfield code="a">317 p.</subfield>
    <subfield code="d">18 cm</subfield>
  </datafield>
  <datafield tag="317" ind1=" " ind2=" ">
    <subfield code="a">Origem: IM</subfield>
  </datafield>
  <datafield tag="606" ind1=" " ind2=" ">
    <subfield code="a">PREVIS&#xC3;O NUMERICA</subfield>
    <subfield code="z">IM</subfield>
  </datafield>
  <datafield tag="700" ind1=" " ind2="1">
    <subfield code="a">Haltiner</subfield>
    <subfield code="b">George J.</subfield>
  </datafield>
  <datafield tag="995" ind1=" " ind2=" ">
    <subfield code="5">2019-04-16</subfield>
    <subfield code="6">6453</subfield>
    <subfield code="a">IPMA_SE</subfield>
    <subfield code="c">IPMA_SE</subfield>
    <subfield code="k">Estante 3, Prat 4</subfield>
    <subfield code="n">2019-04-16</subfield>
    <subfield code="o">0</subfield>
    <subfield code="r">MON</subfield>
  </datafield>
</record>
